Zváranie explóziou : Bakalárska práca

Saved in:
Bibliographic Details
Main Author: Ondrejec, Stanislav (Author)
Other Authors: Monček, Miroslav, 1942- (xxx)
Format: Manuscript Book
Language:Slovak
Published: Trnava : STU v Bratislave MtF KZv, 2003
Subjects:
Tags: Add Tag
No Tags, Be the first to tag this record!

MARC

LEADER 00000ntm a22000003a 4500
001 stu83167
005 20160719154916.4
008 040115s2003----xo------------------slo-d
040 |a STU  |b slo 
041 0 |a slo 
044 |a xo 
100 1 |a Ondrejec, Stanislav  |4 aut 
245 1 |a Zváranie explóziou :  |b Bakalárska práca 
260 |a Trnava :  |b STU v Bratislave MtF KZv,  |c 2003 
300 |a 68 s 
650 7 |a zváranie explóziou  |2 stusub 
650 7 |a technológie strojárskej výroby  |2 stusub 
700 1 |a Monček, Miroslav,  |d 1942-  |4 xxx  |u M140  |T MTF Katedra zvárania  |X 1538  |U M140  |Y M140  |7 A000001538 
996 |b 284M054788  |c M*BP-188  |l MMSKP  |s P  |a 0  |w stu83167_0001